Ceramah teknikal [ Akta Pengambilan Tanah pindaan terbaru 26 Jun 1997

Bibliographic Details
Format: Book
Published: Bangi : Inspen , 1997
Subjects:

MARC

LEADER 00000cam a2200000 7i4500
001 0000018384
005 20061213.0
040 |a INS 
090 0 0 |a HF5549.5 1997 
245 0 0 |a Ceramah teknikal [  |h video recording] :   |b Akta Pengambilan Tanah pindaan terbaru 26 Jun 1997 
260 |a Bangi :   |b Inspen ,   |c 1997 
300 |a 2 Video cassettes (VHS) :   |b sd., col. ;   |c 1/2 in. 
650 0 0 |a Employees   |x Training of 
999 |a VHS705   |b VIDEO   |c Map Collection   |e Default branch